Fall Away - Twenty One Pilots Lyrics - Statistics

General Stats
  • This quiz has been taken 60 times
  • The average score is 233 of 316
Answer Stats
Lyrics % Correct
away
100%
away
100%
away
100%
away
100%
away
100%
don't
100%
don't
100%
don't
100%
don't
100%
don't
100%
fall,
100%
fall
100%
fall,
100%
fall
100%
fall,
100%
fall
100%
fall,
100%
fall
100%
fall,
100%
fall
100%
Chorus I
100%
I
100%
I
100%
I
100%
I
100%
Verse 1 I
100%
wanna
100%
wanna
100%
wanna
100%
wanna
100%
wanna
100%
away
96%
away
96%
don't
96%
don't
96%
fall,
96%
fall
96%
fall
96%
I
96%
I
96%
I
96%
I
96%
I
96%
I
96%
I
96%
I
96%
I
96%
I,
96%
I
96%
the
96%
wanna
96%
away
93%
away
93%
away
93%
don't
93%
don't
93%
don't
93%
fall,
93%
fall
93%
fall,
93%
fall
93%
fall,
93%
fall
93%
Chorus I
93%
I
93%
I
93%
in
93%
on
93%
the
93%
the
93%
the
93%
wanna
93%
wanna
93%
wanna
93%
And
89%
And
89%
And
89%
and
89%
Pre Chorus And
89%
And
89%
and
89%
Cause
89%
I
89%
in
89%
in
89%
keep
89%
my
89%
my
89%
my
89%
my
89%
my
89%
on
89%
on
89%
the
89%
this
89%
to
89%
to
89%
Cause
85%
I'll
85%
in
85%
keep
85%
lights
85%
on
85%
place
85%
this
85%
way
85%
a
81%
a
81%
a
81%
A
81%
away
81%
away
81%
away
81%
Cause
81%
don't
81%
don't
81%
don't
81%
don't
81%
fall
81%
fall,
81%
fall
81%
fall,
81%
fall
81%
fall,
81%
fall
81%
feel
81%
Feel
81%
I
81%
I
81%
I
81%
I
81%
I
81%
I,
81%
I
81%
Chorus I
81%
I
81%
I
81%
I'll
81%
I'll
81%
keep
81%
lights
81%
place
81%
stand
81%
this
81%
time
81%
wanna
81%
wanna
81%
wanna
81%
will
81%
will
81%
will
81%
And
78%
As
78%
As
78%
as
78%
as
78%
But
78%
But
78%
But
78%
I'll
78%
I'm
78%
I'm
78%
I'm
78%
I'm
78%
I'm
78%
lights
78%
me
78%
mine
78%
my
78%
my
78%
my
78%
place
78%
so
78%
take
78%
the
78%
the
78%
the
78%
the
78%
you
78%
your
78%
and
74%
And
74%
and
74%
And
74%
Pre Chorus And
74%
And
74%
and
74%
apart
74%
begin
74%
can
74%
feel
74%
fine
74%
fine
74%
in
74%
lie
74%
line
74%
my
74%
my
74%
my
74%
my
74%
my
74%
On
74%
on
74%
skin
74%
time
74%
to
74%
to
74%
to
74%
up
74%
want
74%
want
74%
As
70%
break
70%
Cause
70%
Cause
70%
crime
70%
die
70%
from
70%
It
70%
keep
70%
precious
70%
pull
70%
start
70%
thin
70%
this
70%
try
70%
wait
70%
wait
70%
wearing
70%
what
70%
believe
67%
days
67%
dying
67%
far
67%
feel
67%
Feel
67%
I'll
67%
lights
67%
of
67%
place
67%
place
67%
very
67%
will
67%
will
67%
apart
63%
But
63%
delay
63%
disguise
63%
I'm
63%
lying,
63%
make
63%
Take
63%
trying
63%
begin
59%
can
59%
crime
59%
life
59%
skin
59%
up
59%
break
56%
Verse 2 Every
56%
It
56%
melt
56%
pull
56%
start
56%
thin
56%
wearing
56%
conscience
52%
dying
52%
ambition
44%
Is
44%
selfish
44%
taking
44%
am
41%
is
41%
is
41%
is
41%
soul
41%
taking
41%
taking
41%
conscience
37%
know
37%
submission
37%
vision
37%
if
33%
living
33%
name
33%
name
33%
name
33%
sentence
33%
commission
30%
grave
30%
It's
30%
new
30%
new
30%
or
30%
toll
30%
Abuse
26%
aim
26%
destiny
26%
grace
26%
obtain
26%
same
26%
walk
26%
can't
22%
lame
22%
newer
22%
Repentance
22%
sake
22%
save
22%
screaming
22%
For
19%
face
15%
ain't
11%
name's
11%
became
7%
No matching quizzes found
Score Distribution
Percent of People with Each Score
Percentile by Number Answered
Your Score History
You have not taken this quiz